Normal view
MARC view
Entry Nombre personal
001 - NÚMERO DE CONTROL
- campo de control: 40533
003 - IDENTIFICADOR DEL NÚMERO DE CONTROL
- campo de control: BNPHU
005 - FECHA Y HORA DE LA ÚLTIMA TRANSACCIÓN
- campo de control: 20240305124751.0
008 - DATOS DE LONGITUD FIJA
- campo de control de longitud fija: 200615|| aca||aabn | a|a d
040 ## - FUENTE DE LA CATALOGACIÓN
- Centro catalogador/agencia de origen: DO-SdBNP
- Lengua de catalogación: spa
- Centro/agencia transcriptor: BNPHU
- Normas de descripción: rda
082 #4 - SIGNATURA TOPOGRÁFICA DECIMAL DEWEY
- Número de clasificación: 923.27293
- Número de documento/Ítem: M843c
100 1# - ENCABEZAMIENTO-NOMBRE DE PERSONA
- Nombre de persona: Moreno Martínez, Alfonso,
- Fechas asociadas al nombre: 1922-1997
375 ## - GÉNERO/SEXO
- Género/Sexo: Masculino
377 ## - LENGUA/LENGUAJE ASOCIADO
- Código del idioma: spa
400 1# - TRAZADO DE VÉASE--NOMBRE DE PERSONA
- Nombre de persona: Martínez, Alfonso Moreno,
- Fechas asociadas al nombre: 1922-1997
670 ## - FUENTE DE DATOS ENCONTRADOS
- Cita de la fuente: Work cat.: (OSt)18317: Cruz Infante, José Abigail 2460, Alfonso Moreno Martínez :, 2010.
670 ## - FUENTE DE DATOS ENCONTRADOS
- Cita de la fuente: DiarioDigitalRD website, Mar. 23, 2011
- Información encontrada: (Alfonso Moren Martínez; muerte,1997
